000 00874nam0a22002411 4500
001 rc\629081
005 20031121164335.7
035 _a(NLR Aleph) 005871315
090 _a5981800
_c5981800
100 _a20031121d1986 u |0rusy50 ca
101 0 _arus
102 _aRU
105 _ay |||||||||
200 1 _aПолитика стран-членов СЭВ в развитии комплекса отраслей по производству товаров народного потребления
_fГос. ком. СССР по науке и технике
210 _aМ.
_cБ. и.
_d1986
215 _a38 с.
_d22
320 _aБиблиогр.: с. 37-38 (23 назв.)
700 1 _aКосикова
_bЛ. С.
_gЛидия Серафимовна
801 0 _aRU
_bNLR
_gpsbo
801 1 _aRU
_bELAR
_2rusmarc
852 _aNLR
_j87-6/1968
942 _cBOOK
980 _aNB